| 000 | 00615nam a22002177a 4500 | ||
|---|---|---|---|
| 003 | OSt | ||
| 005 | 20260312014341.0 | ||
| 008 | 260312b |||||||| |||| 00| 0 eng d | ||
| 020 | _a0-495-00698-X. | ||
| 040 |
_aDWCL Main lib _cOC |
||
| 082 |
_25th ed. _aGR 153.43 M969 2007 |
||
| 100 | _aMunson, Ronald | ||
| 245 |
_aThe elements of reasoning _cRonald Munson |
||
| 250 | _a5th ed. | ||
| 260 |
_aAustralia : _bThomson/Wadsworth, _cc2007. |
||
| 300 |
_av, 234 p. : _bill. ; _c24 cm. |
||
| 650 | _a1. Critical thinking. | ||
| 650 | _a2. Reasoning. | ||
| 700 | _aAndrew Black | ||
| 942 |
_2ddc _cGR _e5th ed. _kGR. _n0 |
||
| 999 |
_c8993 _d8993 |
||